Труды Ростовского на Дону государственного медицинского института. Сб. 7. Юбилейный (Запись № 13601450)

Подробности
000 -МАРКЕР
контрольное поле 01836nam2a2200277 4500
001 - ИДЕНТИФИКАТОР ЗАПИСИ
контрольное поле rc\2949339
005 - ИДЕНТИФИКАТОР ВЕРСИИ
контрольное поле 20260315060151.0
035 ## - ДРУГИЕ СИСТЕМНЫЕ НОМЕРА
Идентификатор записи (NLR Aleph) 007097114
100 ## - ДАННЫЕ ОБЩЕЙ ОБРАБОТКИ
Данные общей обработки 20110829d1940 u y0rusy50 ca
101 0# - ЯЗЫК РЕСУРСА
Язык текста, звукозаписи и т.д. русский
102 ## - СТРАНА ПУБЛИКАЦИИ ИЛИ ПРОИЗВОДСТВА
Страна публикации российская федерация
105 ## - ПОЛЕ КОДИРОВАННЫХ ДАННЫХ: ТЕКСТОВЫЕ МАТЕРИАЛЫ, МОНОГРАФИЧЕСКИЕ
Кодированные данные о монографическом текстовом документе a z |||||
200 0# - ЗАГЛАВИЕ И СВЕДЕНИЯ ОБ ОТВЕТСТВЕННОСТИ
Основное заглавие Сб. 7. Юбилейный
Первые сведения об ответственности Под ред. д-ра мед. и биол. наук проф. К.З. Яцуты
210 ## - ПУБЛИКАЦИЯ, РАСПРОСТРАНЕНИЕ И ДР.
Место издания, распространения и т.д. Ростов н/Д
Имя издателя, распространителя и т. д. Ростовск. обл. ведомственное изд-во
Дата издания, распространения и т.д. 1940
215 ## - ФИЗИЧЕСКАЯ ХАРАКТЕРИСТИКА
Специфическое обозначение материала и объем 461, [5] с.
Другие сведения о физической характеристике ил., табл., граф.
300 ## - ОБЩИЕ ПРИМЕЧАНИЯ
Текст примечания На тит. л. и обл.: 1915-XXVлет - 1940
300 ## - ОБЩИЕ ПРИМЕЧАНИЯ
Текст примечания Продолжение изд. см. в каталоге период. изд. на ш. Р16/254 под загл. "Сборник трудов ..."
461 #0 - УРОВЕНЬ НАБОРА
Встроенное поле 001rc\2949332
-- 2000#$aТруды Ростовского на Дону государственного медицинского института$eСборник 1-$fОвт. ред. дир. Ин-та д-р А.И. Лихачев ...$vСб. 7. Юбилейный
Системный номер (АБИС) связанной записи 6632566
Автор Ростовский на Дону медицинский институт. Психоневрологическая клиника
Место публикации Ростов н/Д
Дата публикации 1934
Первые сведения об ответственности Овт. ред. дир. Ин-та д-р А.И. Лихачев ...
Имя издателя, распространителя и т.д. Азово-Черноморск. краев. кн-во
Сведения, относящиеся к заглавию Сборник 1-
Заглавие Труды Ростовского на Дону государственного медицинского института
Номер тома Сб. 7. Юбилейный
702 #1 - ИМЯ ЛИЦА - ВТОРИЧНАЯ ОТВЕТСТВЕННОСТЬ
Код отношения Редактор
Графика поля Кириллица
Материалы, к которым относится поле rus
Начальный элемент ввода Яцута
Часть имени, кроме начального элемента ввода К. З.
Даты 1876-1953
Расширение инициалов личного имени Константин Захарьевич
Системный номер авторитетной/нормативной записи 198981
Идентификатор авторитетной/нормативной записи RU\NLR\AUTH\770199032
801 #0 - ИСТОЧНИК ЗАПИСИ
Страна российская федерация
Организация NLR
Правила каталогизации psbo
801 #1 - ИСТОЧНИК ЗАПИСИ
Страна российская федерация
Организация ELAR
Источник данных rusmarc
852 ## - МЕСТОНАХОЖДЕНИЕ И ШИФР ХРАНЕНИЯ
Идентификатор организации NLR
Шифр хранения (Call Number) 34-19/445
942 ## - ДОПОЛНИТЕЛЬНЫЕ ЭЛЕМЕНТЫ ЗАПИСИ (АБИС)
Тип экземпляра АБИС Неопределено
980 ## - КОЛЛЕКЦИЯ
Название коллекции Национальная библиография

Нет доступных экземпляров.